Guess the Rainbow Six Siege Operator by their Bio - Statistics

General Stats
  • This quiz has been taken 320 times
  • The average score is 14 of 39
Answer Stats
Hint Answer % Correct
Brazilian, real name Taina. She is 31 years old. She is 5"10in tall. Caveira
80%
Polish, last name Bosak. She is 36. Her birthday is January 28th. And she is 5"10in tall. Zofia
78%
He is Russian. His real name is Alexsandr Senaviev. He is 48 years old. He weighs 190lbs, and he is 6 feet tall. Tachanka
75%
She is Korean. Her real name is Grace Nam. She is 29, is 5"7in tall, and was born on February 2nd. Dokkaebi
68%
Keeps her identity hidden. Looks like a dementor from Harry Potter. She is Danish Nokk
62%
He is Brazilian. He is 49 years old. Was born on November 17th. His real name is Vicente Souza. And he is 6 feet tall. Capitão
61%
She is Japanese. Her real name is Yumiko Imagawa. She is 34 years old. She was born on July 12th, and is 5"8in tall. Hibana
61%
He is English (same as smoke) He is 25 years old. His real name is Mark. R Chandar. He is 5"11in tall. He weighs 163lbs. Mute
61%
He is Japanese. His real name is Masaru Enatsu. He is 36 years old. His birthday is October 31st. He is 5'11in tall. Echo
60%
She is Polish. Her real name is Elżbieta Bosak. She is 31, she was born on November 8th. And is 5"8in tall. Ela
59%
He is English, (as in U.K). His real name is James Porter. He is 36 years old. He is 5"8in tall. Smoke
59%
He is Korean. His real name is Chul Kyung Hwa. He is 34 years old. His birthday is January 17th. He is 5"8in tall. Vigil
57%
She is German, she is 38 years old. Her real name is Monika Weiss. She is 5"9in tall. IQ
56%
She is Dutch. Her real name is Nienka Meijer. She is 35 years old. 5"2in tall. And is the first albino operator. Iana
55%
He is Russian. His real name is Maxim Basuda. He is 38 years old. Weighs 176lbs, and is 5"11in tall. Kapkan
55%
She is Israeli. Her real name is Eliza Cohen. She is 33 years old. She is also 5"7in tall. Ash
44%
He is American. His real name is Miles Campbell. He is 36 years old. He is 6"1in tall and weighs 189lbs. Castle
40%
His real name is Craig Jenson, he was born on March 12th. He is 32 years old, and is 5"11in. Blackbeard
36%
He is American. He is 63 years old. His real name is Samuel Leo Fisher. He was born on August 8th, 1957. He is 5"10in tall. Zero.
35%
She is Belarusian. Her real name is Lera Melnikova. She is 5"7in tall. She is 27 years old. And was born on June 7th. Finka
26%
His real name is Olivier Flament. He is 31 years old. He is 6"1in tall. He weighs 192lbs. Lion
26%
He is a mix of Turkish, German, and Japanese. But was born in the U.S. His real name is Jack Estrada. He is 32 years old. He is 6"2in tall, and weighs 182lbs. Pulse
25%
He is Spanish. His real name is Ryad Ramírez Al-Hassar. He was born on February 29th. He was born on a leap year. He is 49 years old. And is 6"3in tall. Jackal
23%
She is Spanish. Her real name is Elena María Álvarez. She is 5"5in tall. She was born on November 18th, she is 39 years old. Mira
23%
He is Kenyan. His real name is Ngũgĩ Muchoki Furaha. He is 28 years old. Weighs 183lbs, and is 6"2in tall. Wamai
23%
He is Norwegian. His real name is Håvard Haugland. He is 33 years old. He was born on March 15th. and he is 6"1in tall. Ace
22%
He is German. His real name is Marius Streicher. He is 39 years old. He weighs 141lbs, and is 5"11in tall. Jäger
21%
He is Chinese. His real name is Liu Tze Long. He is 44 years old. He was born on July 2nd. And he is 5"9in tall. Lesion
19%
She is Thai. Her real name is Apha Tawanroogn. She was born on August 9th, 1978. She is 42 years old, and she is 5"3in tall. Aruni
18%
He is Italian. His real name is Adriano Martello. He is 45 years old. Weighs 192lbs, and is 6"1in tall. Maestro
18%
He is American. His real name is Mike Baker. He is a veteran of three wars. He is 56 years old. 5"11in tall, and weighs 158.4lbs. Thatcher
18%
He is German. His real name is Dominic Brunsmeier. He is 42 years old. Weighs 149lbs, and is 5"11in tall. Bandit
17%
He is French. His real name is Julien Nizan, and was born on January 6th. Rook
16%
He is South Asian. His real name is Saif Al Hadid. He is 45 years old. He is 6"5in and weighs 285lbs Oryx
14%
He is American. His real name is Max Goose. He is 5"4in tall, making him R6's shortest male operator. He is 35 years old. He weighs 141lbs. Mozzie
13%
She is Norwegian. Her real name is Thandiew Ndlovu. She is 33 years old. She weighs 150lbs. Melusi
8%
She is Chinese. Her real name is Tina Lin Tsang. She is 32 years old. She is 5"8in tall, and weighs 139lbs. Frost
6%
She is Spanish. Her real name is Meghan J. Castellano. She is 34 years old. She weighs 134lbs. And is 5"7in tall. Valkyrie
6%
She is American. Her real name is Tori Tallyo Fairous. She is 5"10in tall. She is 36 years old and weighs 225lbs. Gridlock
5%
No matching quizzes found
Score Distribution
Percent of People with Each Score
Percentile by Number Answered
Your Score History
You have not taken this quiz